00496nam a2200157 i 4500001000300000100002800003245005800031260002100089040000800110041000800118942000700126008004100133999001700174856009800191952004900289bg1 aNARKIEWICZ, Władysław 0aClassical problems in number theory /cW. Narkiewicz. aWarszawa,c1986. cBPK apol cKS s pl f |000 0 pol  c23601d23601 uhttp://koha.tu.koszalin.pl/cgi-bin/koha/opac-detail.pl?biblionumber=23601yKatalog online BPK 00104070aBPKbBPKcwo33761p01587005yKS